Samuel L. Jackson Movies - Sudden Death - Statistics

General Stats
  • This quiz has been taken 5,308 times
  • The average score is 10 of 20
Answers on the Grid
Answers color-coded by a green-red scale on the quiz's grid according to % correct below.
1408
2012
A Few Good Men
Aliens
Avengers
Caddyshack
Captain America
Coach Carter
Deep Blue Sea
Django Unchained
Falling Down
Hateful Eight
Hitman’s Bodyguard
Incredibles
Insidious
Iron Man
Jumper
Jurassic Park
Lobsters on a Bus
Princess Diaries
Pulp Fiction
Remember the Titans
Shaft
Shark Boy and Lava Girl
Sin City
Snakes on a Plane
Spiral: From the Book of Saw
Star Wars: Episode I
The Hobbit: Part I
The Hunger Games
The Negotiator
The Waterboy
Throw Momma From the Train
Unbreakable
Wuthering Heights
XXX
 
Answer Stats
Answer % Correct
Pulp Fiction
83%
Avengers
79%
Django Unchained
78%
Captain America
66%
Hateful Eight
66%
Star Wars: Episode I
63%
Snakes on a Plane
60%
Coach Carter
59%
Iron Man
56%
Incredibles
51%
Shaft
49%
Hitman’s Bodyguard
48%
Unbreakable
46%
Jurassic Park
43%
Deep Blue Sea
35%
The Negotiator
32%
1408
27%
XXX
25%
Jumper
20%
Spiral: From the Book of Saw
11%
No matching quizzes found
Score Distribution
Percent of People with Each Score
Percentile by Number Answered
Your Score History
You have not taken this quiz